000 00451nam a22001817a 4500
003 0
005 20220114142556.0
008 0
040 _c0
050 _aTT870
_b.R8933 2000
100 _aRozelle, Lew
245 _aOrigami ornaments /
_cLew Rozelle.
260 _aNew York:
_bSt. Marins Griffin;
_cc2000.
300 _aix, 163 pages:
_billustrations;
_c27 cm.
504 _aBibliography: 165 pages.
650 _aOrigami ornaments.
942 _2lcc
_cR
999 _c3622
_d3622